000 01057nam0a2200277 4500
001 RU\NLR\bibl\1665201
005 20250616042506.0
010 _a978-5-377-03609-8
_915000
021 _aRU
_b2010-51383
_93386
035 _a(NLR Aleph) 001656477
090 _a954443
_c954443
100 _a20100818d2011 |||y0rusy50 ca
101 0 _arus
102 _aRU
105 _ay |||||||||
200 1 _aГрамматика английского языка. Проверочные работы: 4 класс: к учебнику И.Н. Верещагиной, О.В. Афанасьевой "English IV"
205 _a9-е издание, перераб.
210 _aМосква
_cЭкзамен
_d2011
215 _d24
225 1 _aУчебно-методический комплект. English IV
700 1 _aБарашкова
_bЕ. А.
_4070
801 0 _aRU
_bNLR
_c20100818
_gRCR
801 1 _aRU
_bNLR
_c20100818
942 _cBOOK
980 _aNB